000 00431nam a22001577i 4500
007 ta
020 _a28114973
040 _aDO-SdBNP
_bspa
_cBNPHU
110 _aSección Nacional de Dominicana
_987839
245 0 _aCiencias Geográficas
264 _aSanto Domingo :
_bBúho,
_c2024.
300 _a292 páginas ;
336 _atexto
_btxt
_2rdacontent
337 _asin mediación
_bn
_2rdamedia
338 _avolumen
_bnc
_2rdacarrier
999 _c59062
_d59062